[Event "ARM-ch (Women) 79th"]
[Site "Yerevan"]
[Date "2024.01.12"]
[Round "1"]
[White "Grigoryan, Arpine"]
[Black "Avetisyan, Mariam"]
[Result "0-1"]
[WhiteElo "2025"]
[BlackElo "2043"]
[PlyCount "102"]
[EventDate "2024.01.12"]
[EventType "tourn"]
[EventRounds "9"]
[EventCountry "ARM"]
[SourceTitle "CB09_2024"]
[SourceDate "2024.02.28"]
[SourceVersion "1"]
[SourceVersionDate "2024.02.28"]
[SourceQuality "1"]

1. e4 c5 2. Nf3 Nc6 3. Bb5 g6 4. 0-0 Bg7 5. c3 e5 6. d3 Qb6 7. Na3 Nge7 8. Be3 0-0 9. b4 d6 10. Nc4 Qc7 11. bxc5 d5 12. Nd6 Bg4 13. h3 Bxf3 14. Qxf3 d4 15. cxd4 exd4 16. Bf4 Ne5 17. Bxe5 Bxe5 18. Rac1 Bxd6 19. cxd6 Qxd6 20. Qe2 a6 21. Bc4 b5 22. Bb3 a5 23. f4 a4 24. Bd1 b4 25. Rc4 b3 26. axb3 a3 27. Qa2 Qb6 28. f5 Nc6 29. fxg6 hxg6 30. Ra4 Rxa4 31. bxa4 Qc5 32. Bb3 Ne5 33. Ra1 Rc8 34. Bc4 Nxc4 35. Qxc4 Qf8 36. Qxd4 Rc2 37. Qe5 a2 38. Kh2 Qb4 39. Rf1 Qxa4 40. Qd5 Qe8 41. e5 Qe7 42. Ra1 Qh4 43. Qa8+ Kg7 44. Qf3 Qd4 45. Qf6+ Kg8 46. Rf1 Qd5 47. Qg5 Rb2 48. Rc1 Qe6 49. Qd8+ Kg7 50. Qd4 Rb1 51. Rg1 a1Q 0-1

[Event "Cheliabinsk Panchenko Memorial op-B"]
[Site "Cheliabinsk"]
[Date "2022.09.14"]
[Round "3"]
[White "Avetisyan, Mariam"]
[Black "Tomilova, Elena"]
[Result "1-0"]
[WhiteElo "2012"]
[BlackElo "2211"]
[PlyCount "106"]
[EventDate "2022.09.12"]
[EventType "swiss"]
[EventRounds "10"]
[EventCountry "RUS"]
[SourceTitle "CBM 210 Extra"]
[Source "ChessBase"]
[SourceDate "2022.11.30"]
[SourceVersion "1"]
[SourceVersionDate "2022.11.30"]
[SourceQuality "1"]

1. d4 Nf6 2. Nf3 b6 3. g3 Bb7 4. Bg2 g6 5. 0-0 Bg7 6. c4 0-0 7. Qc2 c5 8. d5 e6 9. e4 exd5 10. cxd5 d6 11. h3 Re8 12. Nc3 Na6 13. a3 Nc7 14. Bf4 Nh5 15. Bg5 Bf6 16. Bxf6 Qxf6 17. Rad1 Ba6 18. Rfe1 Nb5 19. e5 dxe5 20. Ne4 Qg7 21. Qa4 f5 22. Neg5 e4 23. Qxa6 Nd6 24. Ne6 Qxb2 25. Nd2 Re7 26. Nc4 Qb5 27. Qxb5 Nxb5 28. Re3 Ng7 29. Nxg7 Kxg7 30. f3 Rae8 31. fxe4 fxe4 32. Rde1 Nd4 33. Rxe4 Rxe4 34. Rxe4 Rd8 35. Re1 b5 36. Na5 Rd7 37. Nc6 Nb3 38. Re3 c4 39. Kf2 a5 40. Ke1 Rd6 41. Re6 Rd7 42. d6 Kf8 43. Ne5 Rd8 44. Rf6+ Kg7 45. Rf7+ Kh6 46. Ng4+ Kh5 47. Nf6+ Kg5 48. Nxh7+ Kh6 49. h4 g5 50. Nxg5 Rxd6 51. Be4 Kh5 52. Bf5 Rh6 53. Nf3 Nd4 1-0

[Event "Cheliabinsk Panchenko Memorial op-B"]
[Site "Cheliabinsk"]
[Date "2022.09.13"]
[Round "2"]
[White "Kleymenova, Valeria"]
[Black "Avetisyan, Mariam"]
[Result "1/2-1/2"]
[WhiteElo "2183"]
[BlackElo "2012"]
[PlyCount "99"]
[EventDate "2022.09.12"]
[EventType "swiss"]
[EventRounds "10"]
[EventCountry "RUS"]
[SourceTitle "CBM 210 Extra"]
[Source "ChessBase"]
[SourceDate "2022.11.30"]
[SourceVersion "1"]
[SourceVersionDate "2022.11.30"]
[SourceQuality "1"]

1. d4 d5 2. c4 e6 3. Nf3 Nf6 4. g3 Be7 5. Bg2 0-0 6. Qc2 dxc4 7. Qxc4 a6 8. 0-0 b5 9. Qd3 Bb7 10. Ne5 Bxg2 11. Kxg2 Qd5+ 12. Qf3 c5 13. dxc5 Bxc5 14. Qxd5 Nxd5 15. Rd1 f6 16. Nd3 Be7 17. e4 Nb6 18. Be3 Nc4 19. Bc1 Rd8 20. f4 Ra7 21. Nf2 Rxd1 22. Nxd1 Rd7 23. Nf2 Bc5 24. Nc3 Nc6 25. f5 exf5 26. exf5 Nd4 27. b3 Nc2 28. Rb1 N4e3+ 29. Bxe3 Nxe3+ 30. Kf3 Nxf5 31. Nce4 Bxf2 32. Kxf2 Rd4 33. Kf3 Nd6 34. Nxd6 Rxd6 35. Ke3 Kf7 36. Rc1 f5 37. Rc7+ Kf6 38. h4 h6 39. Rc8 g5 40. hxg5+ hxg5 41. Rc5 Re6+ 42. Kf3 Kg6 43. Kf2 Rf6 44. a4 bxa4 45. bxa4 f4 46. g4 Rb6 47. Ra5 Rb2+ 48. Kf1 Rb1+ 49. Kf2 Rb6 50. Kf1 1/2-1/2

[Event "Speed Chess (Women) Q2"]
[Site "Chess.com INT"]
[Date "2022.05.26"]
[Round "1"]
[White "Babiy, Olga"]
[Black "Avetisyan, Mariam"]
[Result "1-0"]
[WhiteElo "2296"]
[BlackElo "2012"]
[PlyCount "91"]
[EventDate "2022.05.26"]
[EventType "swiss (blitz)"]
[EventRounds "14"]
[EventCountry "USA"]
[SourceTitle "CBM 208 Extra"]
[Source "ChessBase"]
[SourceDate "2022.07.31"]
[SourceVersion "1"]
[SourceVersionDate "2022.07.31"]
[SourceQuality "1"]

1. d4 d5 2. Bf4 Nf6 3. e3 c6 4. Nf3 Bf5 5. c4 e6 6. Qb3 Qb6 7. c5 Qxb3 8. axb3 Nbd7 9. b4 b5 10. Nbd2 a6 11. h3 Be7 12. Be2 Kd8 13. 0-0 Kc8 14. Ng5 Rf8 15. Ra3 Bd8 16. Rfa1 Kb7 17. Bd6 Bg6 18. Bxf8 Nxf8 19. Nb3 N8d7 20. Nf3 Ne4 21. Nfd2 Nxd2 22. Nxd2 e5 23. f3 Bf6 24. Nb3 Bc2 25. Na5+ Kc7 26. Rc3 Bg6 27. Rd1 Re8 28. Kf2 exd4 29. exd4 Bh4+ 30. Kf1 Nf6 31. g4 h6 32. Bd3 Bxd3+ 33. Rcxd3 Nh7 34. f4 Nf6 35. Ra1 Ne4 36. Kg2 g6 37. Re3 Ra8 38. Nb3 Bf6 39. Rd1 Re8 40. Kf3 Rd8 41. Rdd3 Bg7 42. Nd2 Nf6 43. Re7+ Rd7 44. Rde3 Ne4 45. Rxd7+ Kxd7 46. Nxe4 1-0

[Event "ARM-ch HL (Women) 77th"]
[Site "Yerevan"]
[Date "2022.01.19"]
[Round "8"]
[White "Khachatryan, Veronika"]
[Black "Avetisyan, Mariam"]
[Result "1-0"]
[WhiteElo "2007"]
[BlackElo "2012"]
[PlyCount "79"]
[EventDate "2022.01.12"]
[EventType "tourn"]
[EventRounds "9"]
[EventCountry "ARM"]
[SourceTitle "CBM 206 Extra"]
[Source "ChessBase"]
[SourceDate "2022.03.31"]
[SourceVersion "1"]
[SourceVersionDate "2022.03.31"]
[SourceQuality "1"]

1. d4 Nf6 2. c4 e6 3. Nf3 c5 4. d5 b5 5. dxe6 fxe6 6. cxb5 d5 7. Nc3 Bb7 8. g3 Nbd7 9. Bh3 d4 10. Na4 e5 11. 0-0 Bd6 12. Ng5 Qe7 13. e3 h6 14. Nf3 0-0 15. exd4 cxd4 16. Nh4 Rf7 17. Nf5 Qf8 18. b3 Rd8 19. Nb2 Nb6 20. a4 Bb4 21. Nd3 Bd6 22. Re1 Nbd7 23. Nb2 Bb4 24. Rf1 Ne4 25. Qg4 Kh7 26. Nd3 Ndf6 27. Qh4 Nc3 28. Re1 Bd6 29. Nxh6 gxh6 30. Bf5+ Kg8 31. Bxh6 Qe7 32. Nf4 exf4 33. Rxe7 Rxe7 34. Qxf6 Ne2+ 35. Kf1 d3 36. Qg5+ Kh8 37. Bg7+ Kg8 38. Bf6+ Kf8 39. Qh6+ Ke8 40. Qh8+ 1-0

[Event "ARM-ch HL (Women) 77th"]
[Site "Yerevan"]
[Date "2022.01.14"]
[Round "3"]
[White "Gevorgyan, Maria"]
[Black "Avetisyan, Mariam"]
[Result "1-0"]
[WhiteElo "2218"]
[BlackElo "2012"]
[PlyCount "61"]
[EventDate "2022.01.12"]
[EventType "tourn"]
[EventRounds "9"]
[EventCountry "ARM"]
[SourceTitle "CBM 206 Extra"]
[Source "ChessBase"]
[SourceDate "2022.03.31"]
[SourceVersion "1"]
[SourceVersionDate "2022.03.31"]
[SourceQuality "1"]

1. e4 c5 2. d3 e6 3. Nf3 Nc6 4. g3 d5 5. Nbd2 Nf6 6. Bg2 Be7 7. 0-0 Qc7 8. Re1 b6 9. Nf1 dxe4 10. dxe4 Bb7 11. c3 Rd8 12. Qc2 0-0 13. e5 Nd5 14. h4 b5 15. h5 b4 16. N1h2 bxc3 17. bxc3 Qa5 18. Bd2 Nb6 19. Ng5 Bxg5 20. Bxg5 Rb8 21. h6 g6 22. Qd2 Qa4 23. Bh4 Qc4 24. Rad1 Nd5 25. Bxd5 exd5 26. Qxd5 Qxc3 27. e6 Nd4 28. Qe5 Ne2+ 29. Qxe2 fxe6 30. Qxe6+ Kh8 31. Ng4 1-0

[Event "ARM-ch HL (Women) 77th"]
[Site "Yerevan"]
[Date "2022.01.12"]
[Round "1"]
[White "Mkrtchyan, Mariam"]
[Black "Avetisyan, Mariam"]
[Result "1/2-1/2"]
[WhiteElo "2300"]
[BlackElo "2012"]
[PlyCount "70"]
[EventDate "2022.01.12"]
[EventType "tourn"]
[EventRounds "9"]
[EventCountry "ARM"]
[SourceTitle "CBM 206 Extra"]
[Source "ChessBase"]
[SourceDate "2022.03.31"]
[SourceVersion "1"]
[SourceVersionDate "2022.03.31"]
[SourceQuality "1"]

1. e4 c5 2. Nf3 e6 3. Nc3 a6 4. d4 cxd4 5. Nxd4 b5 6. Be3 Bb7 7. Bd3 Nf6 8. e5 Nd5 9. Nxd5 Bxd5 10. 0-0 Qc7 11. f4 Nc6 12. c3 Nxd4 13. Bxd4 g6 14. Be2 Be7 15. Bf3 Bc6 16. Qd2 0-0 17. Qe3 Rfc8 18. g4 Rab8 19. Rac1 Qb7 20. f5 Bxf3 21. Qxf3 Qxf3 22. Rxf3 Bc5 23. Rd1 Rb7 24. Rfd3 gxf5 25. gxf5 exf5 26. Rf1 b4 27. c4 b3 28. axb3 Bxd4+ 29. Rxd4 Rxb3 30. Rxf5 Rxb2 31. Rxd7 Rxc4 32. Rdxf7 Rc1+ 33. Rf1 Rxf1+ 34. Rxf1 Re2 35. Ra1 Rxe5 1/2-1/2

[Event "Speed Chess GP2"]
[Site "Chess.com INT"]
[Date "2021.09.25"]
[Round "1"]
[White "Avetisyan, Mariam"]
[Black "Grigorjev, Iljya"]
[Result "0-1"]
[WhiteElo "2012"]
[BlackElo "2399"]
[PlyCount "60"]
[EventDate "2021.09.25"]
[EventType "swiss (blitz)"]
[EventRounds "10"]
[EventCountry "USA"]
[SourceTitle "CBM 204 Extra"]
[Source "ChessBase"]
[SourceDate "2021.11.30"]
[SourceVersion "1"]
[SourceVersionDate "2021.11.30"]
[SourceQuality "1"]

1. d4 Nf6 2. c4 g6 3. Nc3 d5 4. cxd5 Nxd5 5. Bd2 Bg7 6. e4 Nxc3 7. Bxc3 0-0 8. h4 c5 9. d5 e6 10. h5 exd5 11. hxg6 hxg6 12. Bxg7 Kxg7 13. Qd2 Rh8 14. Rxh8 Kxh8 15. exd5 Nd7 16. Nf3 Kg7 17. 0-0-0 Nf6 18. Qg5 Bg4 19. Bc4 Bxf3 20. gxf3 Qd6 21. Rh1 Rh8 22. Rg1 Rh5 23. Qd2 a6 24. a4 b5 25. axb5 axb5 26. Bxb5 Rxd5 27. Qc3 Qf4+ 28. Kc2 Rf5 29. Be2 Re5 30. Kd1 Kg8 0-1

[Event "Speed Chess GP2"]
[Site "Chess.com INT"]
[Date "2021.09.25"]
[Round "2"]
[White "Silvestre, Christian"]
[Black "Avetisyan, Mariam"]
[Result "1-0"]
[WhiteElo "1942"]
[BlackElo "2012"]
[PlyCount "115"]
[EventDate "2021.09.25"]
[EventType "swiss (blitz)"]
[EventRounds "10"]
[EventCountry "USA"]
[SourceTitle "CBM 204 Extra"]
[Source "ChessBase"]
[SourceDate "2021.11.30"]
[SourceVersion "1"]
[SourceVersionDate "2021.11.30"]
[SourceQuality "1"]

1. d4 Nf6 2. Bg5 Ne4 3. Bc1 d5 4. Nd2 Nf6 5. Ngf3 Bf5 6. c4 c6 7. e3 e6 8. Be2 h6 9. 0-0 Be7 10. Ne5 0-0 11. b3 Nbd7 12. Bb2 Nxe5 13. dxe5 Nd7 14. cxd5 cxd5 15. Nf3 Be4 16. Rc1 Rc8 17. Qd2 Rxc1 18. Rxc1 Qb8 19. Bd4 Bxf3 20. gxf3 Nxe5 21. f4 Nc6 22. Bb2 Qd8 23. Kh1 Bf6 24. Rg1 Kh8 25. Ba3 Re8 26. Bd3 e5 27. fxe5 Nxe5 28. Bb1 Nf3 29. Qc2 Re4 30. Rg3 Ng5 31. f4 Ne6 32. Qd1 Qa5 33. Bxe4 dxe4 34. Bd6 Qxa2 35. Be5 Bxe5 36. fxe5 Qf2 37. Qg4 Qe1+ 38. Kg2 Qd2+ 39. Kg1 Qc1+ 40. Kg2 Qc2+ 41. Kh1 Qxb3 42. Qxe4 Qb5 43. Rg1 a5 44. Rc1 Qd7 45. Ra1 b6 46. Rb1 Ng5 47. Qf4 Qd5+ 48. e4 Qxe4+ 49. Qxe4 Nxe4 50. Rxb6 a4 51. Ra6 Nc5 52. Ra5 Nd7 53. Kg2 Kh7 54. Kf3 Kg6 55. Kf4 Nb6 56. Ra6 a3 57. Rxb6+ Kh5 58. Ra6 1-0

[Event "Titled Tuesday intern op 17th Aug"]
[Site "Chess.com INT"]
[Date "2021.08.17"]
[Round "8"]
[White "Rodrigues, Tiago Pereira"]
[Black "Avetisyan, Mariam"]
[Result "0-1"]
[WhiteElo "2155"]
[BlackElo "2027"]
[PlyCount "70"]
[EventDate "2021.08.17"]
[EventType "swiss (blitz)"]
[EventRounds "11"]
[EventCountry "USA"]
[SourceTitle "EXT 2022"]
[Source "ChessBase"]
[SourceDate "2021.10.06"]
[SourceVersion "1"]
[SourceVersionDate "2021.10.06"]
[SourceQuality "1"]

1. e4 c6 2. d3 d5 3. Nd2 e5 4. Ngf3 Bd6 5. b3 Bg4 6. Be2 Nd7 7. 0-0 Ngf6 8. Bb2 0-0 9. a4 Re8 10. a5 dxe4 11. Nxe4 Nxe4 12. dxe4 Nc5 13. Nd2 Bxe2 14. Qxe2 Bc7 15. Nc4 Qg5 16. Bc1 Qg6 17. f3 Ne6 18. Kh1 Nd4 19. Qf2 Rad8 20. Be3 Nb5 21. Bxa7 f5 22. exf5 Qxf5 23. Be3 Qh5 24. Rae1 e4 25. f4 Nc3 26. Qg3 Nd5 27. Bd4 Rd7 28. Be5 Bd8 29. Rxe4 Nf6 30. Ree1 Ng4 31. Bc3 Rxe1 32. Rxe1 Bh4 33. Qf3 Bxe1 34. h3 Bxc3 35. Qxc3 Rd1+ 0-1

[Event "FIDE World Uni Blitz-D 1st"]
[Site "Tornelo INT"]
[Date "2021.03.13"]
[Round "3.47"]
[White "Avetisyan, Mariam"]
[Black "Leon Badillo, Antonia"]
[Result "1-0"]
[WhiteElo "2027"]
[BlackElo "1320"]
[PlyCount "43"]
[EventDate "2021.03.13"]
[EventType "swiss (blitz)"]
[EventRounds "10"]
[EventCountry "NET"]
[SourceTitle "EXT 2022"]
[Source "ChessBase"]
[SourceDate "2021.10.06"]
[SourceVersion "1"]
[SourceVersionDate "2021.10.06"]
[SourceQuality "1"]

1. d4 d5 2. c4 c6 3. cxd5 cxd5 4. Nc3 Nf6 5. Bf4 Bf5 6. e3 e6 7. Qb3 b6 8. Nb5 Nc6 9. Nc7+ Kd7 10. Bb5 Rc8 11. Rc1 Rxc7 12. Bxc7 Qxc7 13. Rxc6 Qxc6 14. Bxc6+ Kxc6 15. Nf3 Bd6 16. 0-0 Rc8 17. Rc1+ Kd7 18. Qb5+ Kd8 19. Rxc8+ Kxc8 20. Qc6+ Bc7 21. Ne5 a5 22. Qa8+ 1-0

[Event "FIDE World Uni Blitz-D 1st"]
[Site "Tornelo INT"]
[Date "2021.03.13"]
[Round "1.66"]
[White "Avetisyan, Mariam"]
[Black "Medvedyk, Volodymyr"]
[Result "1-0"]
[WhiteElo "2027"]
[BlackElo "2159"]
[PlyCount "139"]
[EventDate "2021.03.13"]
[EventType "swiss (blitz)"]
[EventRounds "10"]
[EventCountry "NET"]
[SourceTitle "EXT 2022"]
[Source "ChessBase"]
[SourceDate "2021.10.06"]
[SourceVersion "1"]
[SourceVersionDate "2021.10.06"]
[SourceQuality "1"]

1. d4 Nf6 2. c4 d6 3. Nc3 e5 4. dxe5 dxe5 5. Qxd8+ Kxd8 6. Bg5 Be6 7. e3 Nbd7 8. Nf3 Bb4 9. Rc1 h6 10. Bxf6+ gxf6 11. a3 Be7 12. Be2 a5 13. 0-0 c6 14. Rfd1 Kc7 15. Nd5+ Bxd5 16. cxd5 Nc5 17. Nh4 Na6 18. Nf5 Bf8 19. dxc6 bxc6 20. Bf3 Nb8 21. Rc4 Ra6 22. Be2 Rb6 23. Rc2 Na6 24. Bxa6 Rxa6 25. e4 Rb6 26. Ne3 Kb7 27. Nc4 Rb5 28. Rd7+ Ka6 29. Rxf7 Bc5 30. g3 Rf8 31. Rxf8 Bxf8 32. a4 Rb3 33. Ne3 c5 34. Nd5 Rd3 35. Nxf6 Rd4 36. f3 Rxa4 37. Nd7 Be7 38. Nxc5+ Bxc5+ 39. Rxc5 Ra1+ 40. Kg2 Ra2 41. Rxe5 Rxb2+ 42. Kh3 Rb6 43. Rd5 a4 44. f4 a3 45. Rd3 Kb5 46. Rxa3 Kc4 47. Rf3 Kd4 48. e5 Ke4 49. Rf1 Kf5 50. Re1 Re6 51. Re2 Re7 52. Kh4 Re6 53. Rf2 Ke4 54. Re2+ Kf3 55. Rd2 Ke3 56. Rd6 Re8 57. Rxh6 Ke4 58. Kg5 Rg8+ 59. Rg6 Rh8 60. h4 Kf3 61. g4 Re8 62. h5 Rc8 63. e6 Rc4 64. Kf6 Rxf4+ 65. Kg7 Re4 66. h6 Kg3 67. h7 Ra4 68. h8Q Ra7+ 69. Kf6 Ra6 70. Qb8+ 1-0

[Event "ARM-ch (Women) 76th"]
[Site "Yerevan"]
[Date "2021.02.25"]
[Round "9"]
[White "Mkrtchyan, Mariam"]
[Black "Avetisyan, Mariam"]
[Result "1-0"]
[WhiteElo "2075"]
[BlackElo "2092"]
[PlyCount "69"]
[EventDate "2021.02.16"]
[EventType "tourn"]
[EventRounds "9"]
[EventCountry "ARM"]
[SourceTitle "CBM 200 Extra"]
[Source "ChessBase"]
[SourceDate "2021.03.31"]
[SourceVersion "1"]
[SourceVersionDate "2021.03.31"]
[SourceQuality "1"]

1. g3 Nf6 2. Bg2 d5 3. Nf3 e6 4. 0-0 Be7 5. d3 0-0 6. Nbd2 a5 7. a4 Nc6 8. e4 dxe4 9. dxe4 e5 10. c3 Be6 11. Qe2 Nd7 12. Nc4 Qb8 13. Ne3 Nb6 14. h4 f6 15. h5 Bc5 16. Nh4 Ne7 17. Bf3 Qe8 18. Bg4 Bf7 19. h6 g6 20. Qc2 Rd8 21. Kh2 Qc6 22. b3 Nbc8 23. Bh3 Qa6 24. Ng4 Be6 25. Be3 Bxg4 26. Bxg4 Bxe3 27. fxe3 Qd3 28. Qf2 Nd6 29. Rfd1 Qxc3 30. Be6+ Kh8 31. Rac1 Qb4 32. Rxc7 Nxe4 33. Qc2 Ng5 34. Bc4 Ng8 35. Rxh7+ 1-0

[Event "ARM-ch (Women) 76th"]
[Site "Yerevan"]
[Date "2021.02.24"]
[Round "8"]
[White "Avetisyan, Mariam"]
[Black "Gevorgyan, Maria"]
[Result "0-1"]
[WhiteElo "2092"]
[BlackElo "2228"]
[PlyCount "104"]
[EventDate "2021.02.16"]
[EventType "tourn"]
[EventRounds "9"]
[EventCountry "ARM"]
[SourceTitle "CBM 200 Extra"]
[Source "ChessBase"]
[SourceDate "2021.03.31"]
[SourceVersion "1"]
[SourceVersionDate "2021.03.31"]
[SourceQuality "1"]

1. d4 Nf6 2. Nf3 c5 3. d5 g6 4. Nc3 Bg7 5. e4 d6 6. Bb5+ Bd7 7. a4 a6 8. Bd3 Bg4 9. h3 Bxf3 10. Qxf3 Nbd7 11. Qe2 0-0 12. f4 e6 13. dxe6 fxe6 14. 0-0 Kh8 15. Bc4 Qe7 16. Bd2 Rae8 17. Rae1 Qd8 18. Qd1 Nb6 19. Be2 d5 20. e5 Ng8 21. Bg4 Nh6 22. b3 Nc8 23. Qa1 Qh4 24. Qd1 g5 25. a5 gxf4 26. Bxf4 Nxg4 27. hxg4 Qd8 28. Qd3 Ne7 29. g3 Ng6 30. Re2 Qxa5 31. Rh2 Kg8 32. Rff2 Rf7 33. Rh5 b5 34. Rfh2 c4 35. Qd4 Qa1+ 36. Kg2 b4 37. Ne2 Qxd4 38. Nxd4 Nxf4+ 39. gxf4 Rxf4 40. Nc6 cxb3 41. cxb3 Rxg4+ 42. Kh3 Rg1 43. Rf2 Rc1 44. Nxb4 Rb8 45. Nc2 Rh1+ 46. Kg4 Rxh5 47. Kxh5 Rxb3 48. Nd4 Re3 49. Nc6 Bxe5 50. Ra2 Re4 51. Kg5 Kg7 52. Rf2 Bg3 0-1

[Event "ARM-ch (Women) 76th"]
[Site "Yerevan"]
[Date "2021.02.20"]
[Round "5"]
[White "Arakelyan, Nare"]
[Black "Avetisyan, Mariam"]
[Result "1-0"]
[WhiteElo "1953"]
[BlackElo "2092"]
[PlyCount "71"]
[EventDate "2021.02.16"]
[EventType "tourn"]
[EventRounds "9"]
[EventCountry "ARM"]
[SourceTitle "CBM 200 Extra"]
[Source "ChessBase"]
[SourceDate "2021.03.31"]
[SourceVersion "1"]
[SourceVersionDate "2021.03.31"]
[SourceQuality "1"]

1. e4 e6 2. d4 d5 3. Bd3 c5 4. exd5 exd5 5. c3 cxd4 6. cxd4 Nf6 7. Nf3 Be7 8. h3 Nc6 9. Nc3 0-0 10. 0-0 Be6 11. Be3 Nd7 12. Rc1 Bf6 13. Bb1 Rc8 14. Na4 g6 15. Qd2 Qa5 16. Nc3 Qb6 17. Ne2 Qa5 18. Rc3 Be7 19. a3 Qd8 20. Bg5 f6 21. Bh6 Re8 22. Nf4 Bf7 23. Nh4 Nf8 24. Rg3 Bd6 25. Bxf8 Bxf4 26. Qxf4 Rxf8 27. Qh6 Ne7 28. Re1 Qc7 29. Kh2 Rfe8 30. Bd3 a6 31. f4 Qd7 32. f5 Qc7 33. fxg6 hxg6 34. Nxg6 Nxg6 35. Bxg6 Bxg6 36. Qxg6+ 1-0